1059 1625 1825 1750 1679 1896 1305 1363 1331 1377 1064 1896 1242 1786 1709 1226 1255 1821 1739 1008 1994 1151 1619 1749 1054 1677 1720 1621 1955 1968 1081 1433 1045 1416 1824 1202 1328 1116 1868 1898 1992 1040 1146 1675 1068 1766 1837 1486 1452 1667 1327 1093 1223 1603 1075 1013 1075 1780 1716 1323 1096 1933 1288 1816 1321 1015 1351 1304 1319 1665 1408 1461 1733 1706 1695 1231 1117 1725 1583 1145 1022 1553 1270 1949 1765 1984 1292 1657 1686 1473 1391 1172 1869 1915 1438 1356 1222 1835 1767 BCNSPRNW ULIB Ver.6.0+V

เปลี่ยนเป็นภาษาไทย

Change to English
 แสดงรายละเอียดบรรณานุกรม
  กลับหน้าหลัก

Brief Record : Get Marc (ISO 2709) : E-mail record : QR code < ปิดหน้าต่าง
LEADER : 00000nam 2200000uu 4500
001    13399111539
003     ULIB
008    110630s||||||||th 000 0 tha d
020    9748575446
020    9789748575445
050  4 BQ4570^bพ355ท มปป.
100 0  พระไพศาล วิสาโล
245 10 ทำบุญอย่างไรให้ได้บุญ /^cพระไพศาล วิสาโล และ ส.ศิวรักษ์
260    กรุงเทพฯ :^bกองทุนรักษ์ธรรม,^cมปป.
300    46 หน้า
650  7 การทำบุญ
650  7 พุทธศาสนา
945    ^p0^l0^i020398
945    ^p0^l0^i023445
995    ทศพร
999 ^a ใช้งานได้ทุกระบบ
รายการนี้ยังไม่มีแท็ก
คุณยังไม่ได้ล็อกอิน คุณสามารถมีกิจกรรมร่วมกับเว็บไซต์ได้ แต่ต้องล็อกอินก่อน ::
  ล็อกอิน

รายการสื่อสารสนเทศ

ลำดับที่ ประเภท เลขเรียก/บาร์โค้ด สถานที่ สถานะ
- ไม่พบข้อมูล -

รายการใกล้เคียง
    ผู้แต่ง [พระไพศาล วิสาโล]

    หัวเรื่อง [การทำบุญ]
    หัวเรื่อง [พุทธศาสนา]

BibComment


ยังไม่เคยถูกคอมเมนท์

คอมเมนท์ทรัพยากรรายการนี้
  คอมเมนท์: ทำบุญอย่างไรให้ได..


 Copyright 2026. Bcnsprnw @Library